00455 2200169 4500001002100000005001500021035002000036008004100056245002900097100002400126260003600150300002300186020001800209084002200227082001600249650002000265INLIS00000000000197920220315114353 a0010-0621001579220315 g 0 ind 1 aPolitik Anti - Semitisme1 aCockburn, Alexander aJakarta :bMizan Publika,c2005 a264 hlm. ;c25 cm. a979-3573-08-2 a320.915 694 COC p a320.915 694 4aPolitik, Yahudi